000 00692nam a2200217Ia 4500
003 GCL
008 140319s9999 xx 000 0 ara d
040 _aGCL /
_cGCL
082 0 4 _a811.5
_bب د
100 1 _aالبحترى , ابوعبادة الوليد بن ع
245 1 0 _aديوان البحترى /
_cالبحترى , ابوعبادة الوليد بن ع
260 _a[S.N] :
_bدار صادر
490 _a
650 0 4 _aالشعر العربى
650 0 4 _aالادب العربى
650 0 4 _aدواوين وقصائد
650 0 4 _aالدولة العباسية الثانية
650 0 4 _aدائرة معارف
650 0 4 _aالمجموعات
942 _2ddc
_cBK
999 _c33153
_d33153